Diario cultural / (Record no. 24179)

MARC details
000 -LEADER
campo de control de longitud fija 00602nam a2200193 i 4500
001 - NÚMERO DE CONTROL
campo de control 24179
003 - IDENTIFICADOR DE NÚMERO DE CONTROL
campo de control ES-MaACL
007 - CAMPO FIJO DE DESCRIPCIÓN FÍSICA--INFORMACIÓN GENERAL
campo de control de longitud fija t|
008 - DATOS DE LONGITUD FIJA--INFORMACIÓN GENERAL
campo de control de longitud fija 021216s1983 sp ||||1| spa d
100 1# - ENTRADA PRINCIPAL--NOMBRE DE PERSONA
Nombre de persona Amorós, Andrés.
9 (RLIN) 21309
245 10 - MENCIÓN DEL TÍTULO
Título Diario cultural /
Mención de responsabilidad, etc. Andrés Amoros ; dibujos de Julián Grau Santos.
260 ## - PUBLICACIÓN, DISTRIBUCIÓN, ETC.
Lugar de publicación, distribución, etc. Madrid :
Nombre del editor, distribuidor, etc. Espasa-Calpe,
Fecha de publicación, distribución, etc. 1983.
300 ## - DESCRIPCIÓN FÍSICA
Extensión 286 p. :
Otras características físicas il. ;
Dimensiones 17 cm.
490 1# - MENCIÓN DE SERIE
Mención de serie Selecciones austral ;
Designación de volumen o secuencia 111
700 0# - ENTRADA AGREGADA--NOMBRE PERSONAL
Nombre de persona Grau Santos, Julián,
Fechas asociadas al nombre 1937-
9 (RLIN) 59759
830 0# - PUNTO DE ACCESO ADICIONAL DE SERIE-TÍTULO UNIFORME
Título uniforme Selecciones austral ;
Designación de volumen o secuencia 111
9 (RLIN) 176520
852 ## - LOCALIZACIÓN
Ubicación ES-MaACL
Número de control de estantería L-7954
Sublocalización o colección R.108357
Holdings
Estatus retirado Estado de pérdida Estado de daño No para préstamo Biblioteca de origen Biblioteca actual Ubicación en estantería Fecha de adquisición Fuente de adquisición Total de préstamos Signatura topográfica completa Código de barras Visto por última vez Precio de reemplazo Tipo de ítem Koha
        Biblioteca del Ateneo de Madrid Biblioteca del Ateneo de Madrid Depósito 2 17/01/2008     L-7954 1024928 23/02/2023 23/02/2023 Libro impreso